Catálogo
 En Linea

Crímenes contra la seguridad interior y exterior del Estado dominicano / (Registro nro. 7202)

Detalles MARC
000 -CABECERA
campo de control de longitud fija 00805nam a2200205 a 4500
001 - NÚMERO DE CONTROL
campo de control 000007421
005 - FECHA Y HORA DE LA ÚLTIMA TRANSACCIÓN
campo de control 20240409073638.0
008 - DATOS DE LONGITUD FIJA--INFORMACIÓN GENERAL
campo de control de longitud fija 090908s1960 dr c 001 0 spa d
040 ## - FUENTE DE LA CATALOGACIÓN
Centro catalogador/agencia de origen DO-SdBNP
Lengua de catalogación spa
Centro/agencia transcriptor BNPHU
082 ## - NÚMERO DE LA CLASIFICACIÓN DECIMAL DEWEY
Número de clasificación 345.72930231
Número de documento/Ítem H519c
100 1# - ENTRADA PRINCIPAL--NOMBRE DE PERSONA
Nombre de persona Henríquez Castillo, Luis
9 (RLIN) 19632
245 10 - MENCIÓN DE TÍTULO
Título Crímenes contra la seguridad interior y exterior del Estado dominicano /
Mención de responsabilidad, etc. Luis Henríquez Castillo.
260 ## - PUBLICACIÓN, DISTRIBUCIÓN, ETC.
Lugar de publicación, distribución, etc. Ciudad Trujillo, República Dominicana :
Nombre del editor, distribuidor, etc. La Nación,
Fecha de publicación, distribución, etc. 1960.
300 ## - DESCRIPCIÓN FÍSICA
Extensión xv, 563 p. :
Otras características físicas il., retrs. ;
Dimensiones 26 cm.
500 ## - NOTA GENERAL
Nota general Incluye índice alfabético
590 ## - NOTA LOCAL (RLIN)
Nota local Inventariado, 2018/ YL
650 #4 - PUNTO DE ACCESO ADICIONAL DE MATERIA--TÉRMINO DE MATERIA
Término de materia o nombre geográfico como elemento de entrada Procesos por delitos políticos
Subdivisión geográfica República Dominicana
9 (RLIN) 20608
650 #4 - PUNTO DE ACCESO ADICIONAL DE MATERIA--TÉRMINO DE MATERIA
Término de materia o nombre geográfico como elemento de entrada Actividades subversivas
Subdivisión geográfica República Dominicana
9 (RLIN) 20609
910 ## - DATOS DE OPCIÓN DEL USUARIO (OCLC)
Datos de opción del usuario Validado. Control de calidad MFF
Existencias
Estado de retiro Estado de pérdida Restricciones de uso No para préstamo Código de colección Localización permanente Ubicación/localización actual Ubicación en estantería Fecha de adquisición Número de inventario Total de préstamos Signatura topográfica completa Código de barras Fecha visto por última vez Precio válido a partir de Tipo de ítem Koha Nota pública Número de copia
      Excluido de préstamo Raros y valiosos Patrimonio Dominicano Patrimonio Dominicano Depósito 08.09.2009 LF1   345.72930231 H519c 7421-10 25.06.2020 25.06.2020 No se presta Perteneció a la biblioteca personal de Martínez Boog.  
      Excluido de préstamo Raros y valiosos Patrimonio Dominicano Patrimonio Dominicano Depósito 08.09.2009 LF1   345.72930231 H519c 7421-20 25.06.2020 25.06.2020 No se presta   e. 2
        Raros y valiosos Patrimonio Dominicano Patrimonio Dominicano Depósito 08.09.2009 LF1   345.72930231 H519c 7421-30 25.06.2020 25.06.2020 Préstamo en sala   e. 3
        Raros y valiosos Patrimonio Dominicano Patrimonio Dominicano Depósito 08.09.2009 LF1   345.72930231 H519c 7421-40 25.06.2020 25.06.2020 Préstamo en sala   e. 4
        Raros y valiosos Patrimonio Dominicano Patrimonio Dominicano Depósito 17.08.2011 LF1   345.72930231 H519c 7421-50 25.06.2020 25.06.2020 Préstamo en sala   e. 5

Con tecnología Koha